[Event "FRA-chT4 0506"]
[Site "France"]
[Date "2005.01.15"]
[Round "5"]
[White "Poilane, Anthony"]
[Black "Hegron, Florian"]
[Result "1-0"]
[WhiteElo "1770"]
[BlackElo "1399"]
[PlyCount "87"]
[EventDate "2005.10.02"]
[EventType "team"]
[EventRounds "9"]
[EventCountry "FRA"]
[SourceTitle "EXT 2007"]
[Source "ChessBase"]
[SourceDate "2006.11.23"]
[SourceVersion "1"]
[SourceVersionDate "2006.11.23"]
[SourceQuality "1"]

1. e4 e5 2. Nf3 d6 3. d4 exd4 4. Nxd4 c5 5. Nb5 Qa5+ 6. N1c3 Be6 7. Nxd6+ Bxd6 8. Qxd6 Qb6 9. Nb5 Na6 10. Qxb6 axb6 11. Nd6+ Ke7 12. e5 f6 13. Bf4 g5 14. exf6+ Kxf6 15. Bg3 Nh6 16. Bd3 Bf5 17. Nxf5 Nxf5 18. 0-0 Rac8 19. Rfe1 Rhe8 20. a3 Nxg3 21. hxg3 Nc7 22. Bxh7 Ne6 23. c3 c4 24. Be4 g4 25. Bxb7 Rc7 26. Bd5 Ng7 27. Rxe8 Nxe8 28. Re1 Ng7 29. Re4 Rd7 30. Rd4 Nf5 31. Rd1 Ke5 32. Bf3 Rxd1+ 33. Bxd1 Nh6 34. Be2 Kd5 35. Kf1 Kc5 36. Ke1 b5 37. Kd2 Kd5 38. Ke3 Ke5 39. a4 bxa4 40. Bxc4 Nf5+ 41. Kd2 Ke4 42. Be2 Nh6 43. Bd1 Kf5 44. Bxa4 1-0